| 000 | 00884cab a2200253 4500 | ||
|---|---|---|---|
| 001 | ##ABS52787 | ||
| 008 | 090401t1995 xxu||||| |||| 00| 0 eng d | ||
| 035 | _a(Sirsi) u217 | ||
| 041 | 0 | _aeng | |
| 100 | 1 | _aTaylor, V. W. | |
| 245 | 0 | 0 | _aValuations for the third millennium |
| 260 | _c1995 | ||
| 350 | _a0 | ||
| 490 |
_aEstates Gazette _v(9516) 22 April 1995, 200-203(4) |
||
| 520 | _aThe prize-winning paper in the CPD Foundation' Millennium 2000 Competition is an essay on the art and science of valuation, highlighting the need to make valuations more secure and valid. | ||
| 650 | 2 | 4 | _aDISCOUNTED CASH FLOW |
| 650 | 2 | 4 | _aESTIMATED REALISATION PRICE |
| 650 | 2 | 4 | _aMALLINSON REPORT |
| 650 | 2 | 4 | _aRICS APPRAISAL AND VALUATION MANUAL |
| 651 | 4 | _aUNITED KNIGDOM | |
| 690 | _aPROPERTY-PROPERTY APPRAISAL AND VALUATION-TAXATION VALUATION | ||
| 942 | _n0 | ||
| 948 | _c04/03/1997 | ||
| 999 |
_c86 _d86 |
||